1456 1495 1312 1697 1029 1497 1092 1190 1110 1045 1207 1638 1048 1910 1902 1604 1391 1803 1159 1390 1546 1622 1679 1199 1646 1180 1189 1231 1117 1231 1333 1377 1935 1428 1679 1282 1705 1862 1717 1173 1305 1216 1171 1733 1589 1307 1800 1648 1864 1829 1895 1767 1015 1984 1690 1096 1510 1489 1761 1971 1187 1272 1963 1722 1996 1369 1661 1490 1764 1410 1630 1449 1819 1821 1160 1931 1068 1334 1122 1857 1606 1008 1361 1944 1972 1579 1860 1741 1967 1258 1352 1474 1391 1452 1865 1633 1534 1738 1139 BCNSPRNW ULIB Ver.6.0+V

เปลี่ยนเป็นภาษาไทย

Change to English
 แสดงรายละเอียดบรรณานุกรม
  กลับหน้าหลัก

Brief Record : Get Marc (ISO 2709) : E-mail record : QR code < ปิดหน้าต่าง
LEADER : 00000nam 2200000uu 4500
001    13399113537
003     ULIB
008    111124s2546||||th 000 0 tha d
020    ^a9742947996
060 04 ^aWA32^bศ111ก 2546
100 0  ^aศุมล ศรีสุขวัฒนา
245 10 ^aการปรับปรุงและแก้ไขกฎหมายสาธารณสุขภายใต้การกระจายอำนาจ /^cศุมล ศรีสุขวัฒนา
250    ^aพิมพ์ครั้งที่ 1
260    ^aนนทบุรี :^bสำนักงานสนับสนุนและพัฒนาการกระจายอำนาจด้านสุขภาพ (สพกส.)สำนักนโยบายและยุทธศาสตร์,^c2546
650  7 ^aสาธารณสุข^vกฎหมายและระเบียบข้อบังคับ^zไทย
710 2  ^aกระทรวงสาธารณสุข. ^bสำนักนโยบายและยุทธศาสตร์.^bสำนักงานสนับสนุนและพัฒนาการกระจายอำนาจด้านสุขภาพ (สพกส.)
945    ^p0^l0^i12331
945    ^p0^l0^i12332
995    ^aกัณชพร
999    ^aใช้งานได้ทุกระบบ
รายการนี้ยังไม่มีแท็ก
คุณยังไม่ได้ล็อกอิน คุณสามารถมีกิจกรรมร่วมกับเว็บไซต์ได้ แต่ต้องล็อกอินก่อน ::
  ล็อกอิน

รายการสื่อสารสนเทศ

ลำดับที่ ประเภท เลขเรียก/บาร์โค้ด สถานที่ สถานะ
- ไม่พบข้อมูล -

รายการใกล้เคียง
    ผู้แต่ง [ศุมล ศรีสุขวัฒนา]

BibComment


ยังไม่เคยถูกคอมเมนท์

คอมเมนท์ทรัพยากรรายการนี้
  คอมเมนท์: การปรับปรุงและแก..


 Copyright 2026. Bcnsprnw @Library